000
00315nam a2200133Ia 4500
008
240624s9999 xx 000 0 und d
041
_a
eng
082
_a
823 RAN
100
_a
RANKIN IAN
245
_a
IMPOSSIBLE DEAD
260
_c
2012
_a
London
_b
Orion Publication
300
_a
423p. : cm. ; 18
365
_c
RS
_b
25
999
_c
19921
_d
19921